000 00548nam a2200193Ia 4500
999 _c34178
_d34178
003 OSt
005 20200904101855.0
008 190216s9999||||xx |||||||||||||| ||und||
020 _a9788181281241
040 _coclc
082 _a530.12
_bGOT/Q
100 _aGottfried, Kurt
_94427
245 0 _aQuantum Mechanics: Fundamentals /
_cKurt Gottfried ; Tung-Mow Yan
250 _a2nd Ed.
260 _bSpringer,
_aNew York:
_c2009.
300 _a620p
650 _aPhysics
942 _cBK
_2ddc
_h530.12
_iGOT/Q
_k530.12
_mGOT/Q